000 00270nam a22001217a 4500
008 181024b xxu||||| |||| 00| 0 eng d
041 _aeng
080 _22nd
_a611
100 _a6
101 _aANA
245 _aAnatomy for Surgeons
_cHollinshead,W.H
942 _2udc
_cBK
999 _c50852
_d50852